[Event "TCh-CHN 2018"]
[Site "China CHN"]
[Date "2018.08.25"]
[Round "15.6"]
[Board "5"]
[White "Zhang, Xiaowen"]
[Black "Wang, Jue"]
[Result "1/2-1/2"]
[WhiteTitle "WGM"]
[BlackTitle "WGM"]
[WhiteElo "2318"]
[BlackElo "2367"]
[WhiteTeam "Shenzhen Longgang Chess association"]
[BlackTeam "Beijing Beiao team"]
[WhiteFideId "8603219"]
[BlackFideId "8604070"]
[EventDate "2018.04.11"]

1. e4 e5 2. Nf3 Nc6 3. Bb5 g6 4. O-O Bg7 5. c3 a6 6. Ba4 d6 7. d4 Bd7 8. Bg5 f6
9. Bh4 Nge7 10. Nbd2 h6 11. Bb3 Na5 12. Bc2 g5 13. Bg3 h5 14. h4 Bg4 15. Bd3
gxh4 16. Bxh4 Qd7 17. d5 Ng6 18. Bg3 h4 19. Bh2 Bh6 20. Be2 Rg8 21. Kh1 Nf4 22.
Bxf4 Bxf4 23. Rg1 b5 24. b4 Nb7 25. a4 bxa4 26. Nf1 a5 27. Rxa4 Bh5 28. bxa5
Rxa5 29. Rxa5 Nxa5 30. Qa1 Bxf3 31. Bxf3 Nb3 32. Qb2 Nc5 33. Qe2 Ke7 34. Ne3 1/2-1/2

[Event "TCh-CHN 2018"]
[Site "China CHN"]
[Date "2018.10.27"]
[Round "16.1"]
[Board "1"]
[White "Li, Shilong"]
[Black "Wang, Yiye"]
[Result "1-0"]
[WhiteTitle "GM"]
[BlackTitle "IM"]
[WhiteElo "2498"]
[BlackElo "2437"]
[WhiteTeam "Guangdong Ding Xin High Tech Team"]
[BlackTeam "Beijing Beiao team"]
[WhiteFideId "8600678"]
[BlackFideId "8606021"]
[EventDate "2018.04.11"]

1. d4 e6 2. c4 Bb4+ 3. Bd2 a5 4. Nf3 d6 5. g3 Nc6 6. Nc3 e5 7. a3 Bxc3 8. Bxc3
Qe7 9. d5 Nb8 10. e4 Bg4 11. h3 Bxf3 12. Qxf3 Nf6 13. b3 Nbd7 14. Bd3 Nc5 15.
Bc2 Nfd7 16. O-O O-O 17. b4 axb4 18. axb4 Rxa1 19. Rxa1 Na6 20. Bd2 Nb6 21. Bd3
Ra8 22. Qe3 Qf8 23. Ra5 Nd7 24. Be2 Qd8 25. Qa3 Rb8 26. Be3 Qc8 27. Kh2 Nf6 28.
f3 Nd7 29. h4 h6 30. Bf1 Qd8 31. Bh3 Nb6 32. Qb3 Nd7 33. Qa4 Nb6 34. Qb5 Ra8 35.
c5 dxc5 36. bxc5 Nxd5 37. exd5 Qxd5 38. c6 1-0

[Event "TCh-CHN 2018"]
[Site "China CHN"]
[Date "2018.10.27"]
[Round "16.1"]
[Board "2"]
[White "Xu, Yinglun"]
[Black "Yu, Yangyi"]
[Result "0-1"]
[WhiteTitle "GM"]
[BlackTitle "GM"]
[WhiteElo "2531"]
[BlackElo "2764"]
[WhiteTeam "Guangdong Ding Xin High Tech Team"]
[BlackTeam "Beijing Beiao team"]
[WhiteFideId "8604940"]
[BlackFideId "8603820"]
[EventDate "2018.04.11"]

1. d4 d5 2. c4 c6 3. Nf3 Nf6 4. cxd5 cxd5 5. Nc3 Nc6 6. Bf4 Nh5 7. Bd2 g6 8. e3
Bg7 9. Bb5 O-O 10. O-O Nf6 11. Rc1 Qd6 12. h3 Bd7 13. Bd3 Rac8 14. Qe2 a6 15.
Rfd1 Rc7 16. Be1 Rfc8 17. Bb1 Be8 18. Kh1 e6 19. a3 Na5 20. Ba2 Qb6 21. Ne5 Bb5
22. Qd2 Nc4 23. Nxc4 Bxc4 24. b3 Bb5 25. Nxb5 Qxb5 26. Kg1 Ne4 27. Rxc7 Rxc7 28.
Qb2 Qc6 29. Bb1 Nc3 30. Bxc3 Qxc3 31. Qa2 Bf8 32. e4 dxe4 33. Bxe4 Bd6 34. a4
Qxd4 35. Bf3 Qf4 36. Qd2 Qh2+ 37. Kf1 Be7 38. a5 Kg7 39. Qd4+ Bf6 40. Qd6 Be5
41. Qd3 Rc5 42. b4 Rb5 43. Qc4 Bf6 44. Be4 b6 45. Qxb5 0-1

[Event "TCh-CHN 2018"]
[Site "China CHN"]
[Date "2018.10.27"]
[Round "16.1"]
[Board "3"]
[White "Zhao, Chenxi"]
[Black "Li, Chao b"]
[Result "0-1"]
[BlackTitle "GM"]
[WhiteElo "2328"]
[BlackElo "2703"]
[WhiteTeam "Guangdong Ding Xin High Tech Team"]
[BlackTeam "Beijing Beiao team"]
[WhiteFideId "8611513"]
[BlackFideId "8604436"]
[EventDate "2018.04.11"]

1. e4 e6 2. d4 d5 3. Nd2 Be7 4. exd5 Qxd5 5. Ngf3 Nf6 6. Bc4 Qd6 7. O-O b6 8.
Bb5+ c6 9. Bd3 Nbd7 10. Qe2 Bb7 11. Nc4 Qc7 12. Nce5 Nxe5 13. Nxe5 Rd8 14. c3
O-O 15. Bf4 Qc8 16. Bg5 c5 17. dxc5 Qxc5 18. Rad1 Nd5 19. Bxe7 Qxe7 20. Be4 Qg5
21. Bxd5 Rxd5 22. Rxd5 Bxd5 23. f4 Qe7 24. c4 Ba8 25. Rd1 f6 26. Ng4 Re8 27. b3
Bc6 28. Qd2 b5 29. cxb5 Bxb5 30. Ne3 h6 31. Qd6 Qb7 32. h3 Re7 33. Qb4 Rd7 34.
Rxd7 Qxd7 35. Qc5 Bd3 36. Qc3 Be4 37. Qc4 f5 38. Qc3 Qd6 39. Qe5 Qd2 40. Qb8+
Kh7 41. Qxa7 e5 42. g3 exf4 43. gxf4 Qe2 44. Qd4 Qf3 45. Qd2 Qh1+ 46. Kf2 Qh2+
47. Ke1 Qxf4 48. Nf1 Qh4+ 49. Qf2 Qxh3 50. Qg3 Qh5 51. a4 Bc2 52. Ne3 Bd3 53.
Kd2 Qe2+ 54. Kc3 Be4 55. Nc4 h5 56. a5 Qg4 57. Qe5 h4 58. a6 Qg3+ 59. Kd4 Qxe5+
60. Nxe5 h3 0-1

[Event "TCh-CHN 2018"]
[Site "China CHN"]
[Date "2018.10.27"]
[Round "16.1"]
[Board "4"]
[White "Wang, Jue"]
[Black "Gong, Qianyun"]
[Result "1/2-1/2"]
[WhiteTitle "WGM"]
[BlackTitle "WGM"]
[WhiteElo "2367"]
[BlackElo "2312"]
[WhiteTeam "Beijing Beiao team"]
[BlackTeam "Guangdong Ding Xin High Tech Team"]
[WhiteFideId "8604070"]
[BlackFideId "8602425"]
[EventDate "2018.04.11"]

1. e4 e6 2. d4 d5 3. Nc3 Bb4 4. e5 c5 5. a3 Bxc3+ 6. bxc3 Ne7 7. h4 Qc7 8. h5 h6
9. Nf3 b6 10. Bb5+ Bd7 11. a4 Bxb5 12. axb5 cxd4 13. cxd4 Qc3+ 14. Bd2 Qc4 15.
Rb1 a5 16. bxa6 Rxa6 17. Rb4 Qc7 18. O-O Nbc6 19. Rb5 O-O 20. Qc1 Nf5 21. c3 Qe7
22. Qb1 Na5 23. c4 Nxc4 24. Bb4 Qd8 25. Bxf8 Qxf8 26. Rb3 Qd8 27. Rd1 Nh4 28.
Rbd3 Ra8 29. Qb5 Ra5 30. Qb1 Ra8 31. Qb5 Ra5 32. Qb4 Ra8 33. g3 Nxf3+ 34. Rxf3
Qg5 35. Kg2 Ra2 36. Re1 Qxh5 37. Qe7 Ra8 38. Rf4 Qg6 39. Rh1 Rf8 40. Rhh4 Qc2
41. Kh2 Ne3 42. Rh3 Qe2 43. Qa3 Nf1+ 44. Kg2 Nd2 45. Qb2 g5 46. Rf6 Qe4+ 47. Kh2
Nf3+ 48. Kg2 Nd2+ 49. Kg1 Nf3+ 50. Kg2 g4 51. Rhxh6 Nxd4+ 52. Kf1 Qd3+ 53. Kg2
Qe4+ 54. Kf1 Qd3+ 55. Kg2 Qe4+ 56. Kf1 1/2-1/2

[Event "TCh-CHN 2018"]
[Site "China CHN"]
[Date "2018.10.27"]
[Round "16.1"]
[Board "5"]
[White "Wang, Yu A."]
[Black "Li, Xueyi"]
[Result "1/2-1/2"]
[WhiteTitle "IM"]
[WhiteElo "2303"]
[BlackElo "2187"]
[WhiteTeam "Beijing Beiao team"]
[BlackTeam "Guangdong Ding Xin High Tech Team"]
[WhiteFideId "8601097"]
[BlackFideId "8605912"]
[EventDate "2018.04.11"]

1. e4 c6 2. Nc3 d5 3. Nf3 Bg4 4. h3 Bxf3 5. Qxf3 e6 6. d4 dxe4 7. Qxe4 Nf6 8.
Qd3 Bd6 9. g3 O-O 10. Bg2 e5 11. dxe5 Bxe5 12. Qxd8 Rxd8 13. Bd2 Na6 14. O-O-O
Nb4 15. Rhe1 Bxc3 16. bxc3 Nbd5 17. g4 b5 18. f4 Ne8 19. Re5 Nec7 20. f5 f6 21.
Ree1 a5 22. h4 Ne8 23. g5 Nd6 24. gxf6 gxf6 25. Bh3 Nc4 26. Bh6 Kh8 27. Rd3 Re8
28. Re6 Rg8 29. Rxc6 Rg1+ 30. Rd1 Rxd1+ 31. Kxd1 Rg8 32. Ke1 Ne5 33. Rc5 Rd8 34.
Rxb5 Nxc3 35. Rxa5 Kg8 36. Ra7 Nf7 37. Bd2 Nb5 38. Re7 Nd4 39. Bc3 Nxc2+ 40. Kf2
Nd6 41. Bxf6 Ne8 42. Bc3 Kf8 43. Re2 Rd3 44. Rxc2 Rxh3 45. Bb4+ Kf7 46. Re2 Nf6
47. Re7+ Kg8 48. a3 Rxh4 49. Kg3 Rc4 50. Rb7 h5 51. Rb8+ Kf7 52. Rb7+ Kg8 1/2-1/2

[Event "TCh-CHN 2018"]
[Site "China CHN"]
[Date "2018.10.27"]
[Round "16.2"]
[Board "1"]
[White "Zhou, Jianchao"]
[Black "Balogh, Csaba"]
[Result "1/2-1/2"]
[WhiteTitle "GM"]
[BlackTitle "GM"]
[WhiteElo "2617"]
[BlackElo "2629"]
[WhiteTeam "Shenzhen Longgang Chess association"]
[BlackTeam "Hebei sports lottery chess team"]
[WhiteFideId "8603537"]
[BlackFideId "718939"]
[EventDate "2018.04.11"]

1. d4 d5 2. c4 c6 3. Nf3 Nf6 4. Nc3 dxc4 5. a4 e6 6. e3 c5 7. Bxc4 cxd4 8. exd4
Nc6 9. O-O Be7 10. Qe2 O-O 11. Rd1 Nb4 12. Bg5 h6 13. Bh4 Bd7 14. Ne5 Be8 15.
Rac1 Nfd5 16. Bxe7 Nxe7 17. Qf3 Bc6 18. Nxc6 bxc6 19. Ne4 Rb8 20. b3 Qa5 21. Qg3
Qd8 22. a5 Ned5 23. a6 Qe7 24. Nc5 Rb6 25. Na4 Rbb8 26. Nc5 Rb6 27. Na4 Rbb8 1/2-1/2

[Event "TCh-CHN 2018"]
[Site "China CHN"]
[Date "2018.10.27"]
[Round "16.2"]
[Board "2"]
[White "Cheparinov, Ivan"]
[Black "Wan, Yunguo"]
[Result "1-0"]
[WhiteTitle "GM"]
[BlackTitle "GM"]
[WhiteElo "2711"]
[BlackElo "2529"]
[WhiteTeam "Shenzhen Longgang Chess association"]
[BlackTeam "Hebei sports lottery chess team"]
[WhiteFideId "2905540"]
[BlackFideId "8603189"]
[EventDate "2018.04.11"]

1. Nf3 Nf6 2. c4 g6 3. Nc3 Bg7 4. e4 c5 5. d4 cxd4 6. Nxd4 d6 7. Be2 Nc6 8. Be3
O-O 9. O-O Nxd4 10. Bxd4 Be6 11. h3 a6 12. f4 Qa5 13. Qd3 Rfc8 14. b3 Rab8 15.
Kh1 b5 16. cxb5 axb5 17. Nxb5 Bd7 18. a4 Qb4 19. Rad1 Bxb5 20. axb5 Nd7 21. Bxg7
Kxg7 22. Qe3 Qc3 23. Rf3 Qxe3 24. Rxe3 Nc5 25. e5 dxe5 26. Rxe5 e6 27. Re3 Kf6
28. g4 h6 29. Kg2 Ra8 30. Rc1 Nd7 31. Rc6 Rcb8 32. Bc4 Ra7 33. h4 Rab7 34. Kg3
Ra7 35. Re2 Rab7 36. Rf2 Rxb5 37. Bxb5 Rxb5 38. Rf3 Nc5 39. f5 Ke5 40. fxg6 fxg6
41. Re3+ Kd5 42. Rc8 e5 43. Rd8+ Ke6 44. Re8+ Kf6 45. Rf3+ 1-0

[Event "TCh-CHN 2018"]
[Site "China CHN"]
[Date "2018.10.27"]
[Round "16.2"]
[Board "3"]
[White "Liu, Qingnan"]
[Black "Zhang, Ziji"]
[Result "1-0"]
[WhiteTitle "GM"]
[WhiteElo "2538"]
[BlackElo "2393"]
[WhiteTeam "Shenzhen Longgang Chess association"]
[BlackTeam "Hebei sports lottery chess team"]
[WhiteFideId "8603294"]
[BlackFideId "8609470"]
[EventDate "2018.04.11"]

1. e4 e5 2. Nf3 Nc6 3. Bc4 Bc5 4. O-O Nf6 5. d4 Bxd4 6. Nxd4 Nxd4 7. f4 d6 8. c3
Nc6 9. f5 h6 10. Be3 Ne7 11. Qf3 d5 12. Rd1 O-O 13. Bxd5 Nexd5 14. exd5 e4 15.
Qg3 Kh7 16. Na3 Bxf5 17. Nb5 Ne8 18. Bf4 Qd7 19. Nxc7 Nxc7 20. Bxc7 Rac8 21. Bf4
g5 22. Bd6 Rfd8 23. Qe5 Bg4 24. Be7 Bxd1 25. Rxd1 f5 26. Qf6 Rg8 27. d6 Rg6 28.
Qe5 Re8 29. Rd5 e3 30. Kf1 f4 31. Qe4 Qe6 32. Qd3 Qd7 33. Ke1 b6 34. h3 Rg8 35.
Rf5 R8g7 36. Bf8 Rg8 37. Be7 R8g7 38. Rf6 h5 39. Qe4 Kh6 40. Rxg6+ Rxg6 41. Bf8+
Kh7 42. Qe7+ Qxe7 43. Bxe7 Rg8 44. d7 Kg6 45. d8=Q Rxd8 46. Bxd8 Kf5 47. Ke2 g4
48. Kd3 Ke5 49. hxg4 hxg4 50. Bc7+ Kf5 51. g3 1-0

[Event "TCh-CHN 2018"]
[Site "China CHN"]
[Date "2018.10.27"]
[Round "16.2"]
[Board "4"]
[White "Zhai, Mo"]
[Black "Shvayger, Yuliya"]
[Result "1/2-1/2"]
[WhiteTitle "WGM"]
[BlackTitle "IM"]
[WhiteElo "2352"]
[BlackElo "2389"]
[WhiteTeam "Hebei sports lottery chess team"]
[BlackTeam "Shenzhen Longgang Chess association"]
[WhiteFideId "8600201"]
[BlackFideId "14100126"]
[EventDate "2018.04.11"]

1. Nf3 Nf6 2. c4 g6 3. g3 Bg7 4. Bg2 O-O 5. d4 d6 6. Nc3 c6 7. O-O Bf5 8. b3 Ne4
9. Bb2 Nxc3 10. Bxc3 Be4 11. Qd2 Nd7 12. Qe3 d5 13. Bh3 Bxf3 14. Qxf3 Nb6 15.
cxd5 cxd5 16. Rfc1 e6 17. Qd3 Qd6 18. Qb5 Rfc8 19. Bb4 Qd7 20. Qd3 Rc6 21. a4
Rac8 22. Rc3 Bf8 23. Ba5 Rxc3 24. Bxc3 Qc6 25. Rc1 Ba3 26. Bb2 Qd6 27. Rxc8+
Nxc8 28. Bc3 Bb4 29. Bg2 Ne7 30. Bb2 Ba3 31. Bc3 Bb4 32. Bb2 Ba3 33. Bxa3 Qxa3
34. Qb5 Qc1+ 35. Bf1 Qc7 36. e3 Kg7 37. Kg2 b6 38. Qb4 Nf5 39. Bd3 Nd6 40. Kf3
a5 41. Qd2 f5 42. Ke2 h6 43. h4 Nf7 44. Qc2 Qxc2+ 45. Bxc2 g5 46. hxg5 hxg5 47.
Bd3 g4 48. Bb5 Kf6 49. Ba6 Nd6 50. Bd3 Nf7 51. Ba6 Ng5 52. Bc8 Ne4 53. Ba6 Nd6
54. Bd3 Ne8 55. Kd2 Nc7 56. Bf1 e5 57. Bg2 Ke6 58. Bf1 Ne8 59. Ba6 Nd6 60. Ke2
e4 61. Kd2 Kd7 62. Bb5+ Nxb5 63. axb5 Kd6 64. Kc3 1/2-1/2

[Event "TCh-CHN 2018"]
[Site "China CHN"]
[Date "2018.10.27"]
[Round "16.2"]
[Board "5"]
[White "Gara, Ticia"]
[Black "Zhang, Xiaowen"]
[Result "1-0"]
[WhiteTitle "WGM"]
[BlackTitle "WGM"]
[WhiteElo "2324"]
[BlackElo "2318"]
[WhiteTeam "Hebei sports lottery chess team"]
[BlackTeam "Shenzhen Longgang Chess association"]
[WhiteFideId "717444"]
[BlackFideId "8603219"]
[EventDate "2018.04.11"]

1. Nf3 Nf6 2. g3 d5 3. Bg2 c5 4. O-O e6 5. d4 cxd4 6. Nxd4 e5 7. Nf3 Nc6 8. c4
d4 9. e3 Be7 10. exd4 e4 11. Ng5 Bg4 12. Qa4 Qxd4 13. Nc3 O-O 14. Be3 Qe5 15.
Bf4 Qd4 16. h3 Bh5 17. Ngxe4 Ne5 18. Bxe5 Qxe5 19. Qb5 Qxb5 20. cxb5 Rac8 21.
Nxf6+ Bxf6 22. Bxb7 Rc4 23. a4 Rd8 24. a5 Rb4 25. b6 Rxb2 26. Nd5 Bd4 27. Ne7+
Kf8 28. Nc6 axb6 29. Nxd8 bxa5 30. Rab1 Bxf2+ 31. Kg2 1-0

[Event "TCh-CHN 2018"]
[Site "China CHN"]
[Date "2018.10.27"]
[Round "16.3"]
[Board "1"]
[White "Zou, Chen"]
[Black "Wang, Yue"]
[Result "0-1"]
[WhiteTitle "FM"]
[BlackTitle "GM"]
[WhiteElo "2384"]
[BlackElo "2683"]
[WhiteTeam "Hangzhou Turbine Team"]
[BlackTeam "Tianjin Team"]
[WhiteFideId "8610959"]
[BlackFideId "8601429"]
[EventDate "2018.04.11"]

1. d4 Nf6 2. c4 g6 3. Nc3 Bg7 4. e4 d6 5. Nf3 O-O 6. Be2 e5 7. dxe5 dxe5 8. Qxd8
Rxd8 9. Nd5 Nxd5 10. cxd5 c6 11. Bc4 b5 12. Bb3 Bb7 13. Bg5 Rc8 14. dxc6 Nxc6
15. Bd5 Na5 16. Bxb7 Nxb7 17. O-O Rc2 18. Rfb1 Nd6 19. Ne1 Re2 20. f3 f6 21. Bh4
Nc4 22. b3 Ne3 23. Bf2 Bh6 24. a4 b4 25. Nd3 Rd8 26. Re1 Rxe1+ 27. Nxe1 a5 28.
Ra2 Rc8 29. Bxe3 Bxe3+ 30. Kf1 Rc3 31. Rb2 Bd4 32. Rb1 f5 33. exf5 gxf5 34. Ke2
Kf7 35. Kd2 Ke6 36. Nc2 Kd5 37. h3 h5 38. Ne1 e4 39. Kd1 h4 40. Kd2 Bf2 41.
fxe4+ fxe4 42. Rb2 e3+ 43. Ke2 Bxe1 44. Kxe1 Rc1+ 45. Ke2 Ke5 0-1

[Event "TCh-CHN 2018"]
[Site "China CHN"]
[Date "2018.10.27"]
[Round "16.3"]
[Board "2"]
[White "Inarkiev, Ernesto"]
[Black "Li, Yankai"]
[Result "1-0"]
[WhiteTitle "GM"]
[WhiteElo "2693"]
[BlackElo "2427"]
[WhiteTeam "Hangzhou Turbine Team"]
[BlackTeam "Tianjin Team"]
[WhiteFideId "4162722"]
[BlackFideId "8609357"]
[EventDate "2018.04.11"]

1. c4 c5 2. Nf3 Nc6 3. d4 cxd4 4. Nxd4 Nf6 5. Nc3 e6 6. g3 Qb6 7. Ndb5 Ne5 8.
Bg2 a6 9. Qa4 Rb8 10. Na3 Bxa3 11. Qxa3 Nxc4 12. Qb3 Qc7 13. Qb4 b5 14. b3 a5
15. Nxb5 Rxb5 16. Qxb5 Ne3 17. fxe3 Qc3+ 18. Kd1 Ng4 19. Rf1 Qxa1 20. Qc5 Ba6
21. Bf3 Nxh2 22. Rf2 Qxa2 23. Rxh2 Qxb3+ 24. Ke1 Qb4+ 25. Qxb4 axb4 26. Rh4 O-O
27. Rxb4 Rc8 28. Bb2 f6 29. Rb6 Bc4 30. Ba3 Kf7 31. Bd6 Bd5 32. Bxd5 exd5 33.
Rb5 Ke6 34. Bc5 h5 35. Kf2 d6 36. Bb4 Rc7 37. Rb6 Rd7 38. Kf3 Ke5 39. Rb8 Ke6
40. Kf4 Rc7 41. Rb6 Rd7 42. Ba3 g6 43. Ra6 Ke7 44. Ra8 Kf7 45. Rb8 Ke6 46. Bb2
Rf7 47. Rg8 g5+ 48. Kf3 Kf5 49. Rh8 h4 50. gxh4 gxh4 51. Rxh4 Ke6 52. Rh6 Rf8
53. Kf4 Rf7 54. Bc3 Rf8 55. Be1 Ra8 56. Bh4 Rf8 57. Kf3 Rf7 58. Kf2 Rf8 59. Ke1
Rf7 60. Kd2 Rf8 61. Kd3 Rf7 62. Kd4 Rf8 63. Bxf6 Rxf6 64. Rxf6+ Kxf6 65. Kxd5
Kf5 66. e4+ Kf4 67. e5 dxe5 68. e4 1-0

[Event "TCh-CHN 2018"]
[Site "China CHN"]
[Date "2018.10.27"]
[Round "16.3"]
[Board "3"]
[White "Xiang, Zeyu"]
[Black "Malakhov, Vladimir"]
[Result "1/2-1/2"]
[BlackTitle "GM"]
[WhiteElo "2435"]
[BlackElo "2654"]
[WhiteTeam "Hangzhou Turbine Team"]
[BlackTeam "Tianjin Team"]
[WhiteFideId "8608547"]
[BlackFideId "4120787"]
[EventDate "2018.04.11"]

1. d4 g6 2. g3 Bg7 3. Bg2 d6 4. Nf3 Nf6 5. O-O O-O 6. b3 a5 7. Bb2 a4 8. c4 c6
9. Nc3 axb3 10. axb3 Rxa1 11. Qxa1 Na6 12. Rd1 Bf5 13. Nd2 Qc8 14. Qa5 Bh3 15.
b4 Bxg2 16. Kxg2 Nd7 17. b5 Nc7 18. Nf3 Na8 19. Na4 Qc7 20. Qb4 Nab6 21. Nxb6
Qxb6 22. c5 dxc5 23. dxc5 Qxc5 24. Qxc5 Nxc5 25. Bxg7 Kxg7 26. bxc6 bxc6 27. Rc1
Ne6 28. Rxc6 Rd8 29. h4 Nd4 30. Nxd4 Rxd4 31. Kf3 1/2-1/2

[Event "TCh-CHN 2018"]
[Site "China CHN"]
[Date "2018.10.27"]
[Round "16.3"]
[Board "4"]
[White "Xiao, Yiyi"]
[Black "Zhou, Zirun"]
[Result "1/2-1/2"]
[WhiteTitle "WFM"]
[WhiteElo "2295"]
[BlackElo "2152"]
[WhiteTeam "Tianjin Team"]
[BlackTeam "Hangzhou Turbine Team"]
[WhiteFideId "8606161"]
[BlackFideId "8610975"]
[EventDate "2018.04.11"]

1. Nf3 d5 2. g3 Nf6 3. Bg2 c6 4. O-O Bf5 5. c4 e6 6. d3 h6 7. Qb3 Qb6 8. Nc3
Qxb3 9. axb3 Nbd7 10. cxd5 exd5 11. e4 dxe4 12. dxe4 Be6 13. Nd4 Bc5 14. Be3 O-O
15. Nxe6 fxe6 16. Bxc5 Nxc5 17. b4 Nd3 18. b5 Nxb2 19. bxc6 bxc6 20. f4 a5 21.
Rf2 Rfb8 22. Rd2 Rb3 23. Ne2 Nc4 24. Rda2 Rd8 25. e5 Ng4 26. h3 Nge3 27. Bxc6
Rbd3 28. Kf2 Nd1+ 29. Kg2 Nde3+ 30. Kf2 Nd1+ 31. Kg2 1/2-1/2

[Event "TCh-CHN 2018"]
[Site "China CHN"]
[Date "2018.10.27"]
[Round "16.3"]
[Board "5"]
[White "Chu, Ruotong"]
[Black "Zhao, Shengxin"]
[Result "1/2-1/2"]
[WhiteTitle "WIM"]
[BlackTitle "WFM"]
[WhiteElo "2261"]
[BlackElo "2133"]
[WhiteTeam "Tianjin Team"]
[BlackTeam "Hangzhou Turbine Team"]
[WhiteFideId "8605653"]
[BlackFideId "8608040"]
[EventDate "2018.04.11"]

1. d4 Nf6 2. c4 e6 3. g3 d5 4. Bg2 Be7 5. Nf3 O-O 6. O-O dxc4 7. Qc2 a6 8. a4
Bd7 9. Ne5 Bc6 10. Nxc6 Nxc6 11. e3 Nd5 12. a5 Ncb4 13. Qxc4 c5 14. dxc5 Rc8 15.
Bxd5 Nxd5 16. b4 b6 17. axb6 Nxb6 18. Qe2 Nd5 19. Bd2 Rb8 20. Qg4 Qc8 21. Rc1
Qb7 22. Na3 Nxb4 23. Bc3 g6 24. Qd4 f6 25. Rab1 a5 26. c6 Nxc6 27. Qe4 Qd7 28.
Rxb8 Rxb8 29. Bxf6 Bxf6 30. Rxc6 Rb4 1/2-1/2

[Event "TCh-CHN 2018"]
[Site "China CHN"]
[Date "2018.10.27"]
[Round "16.4"]
[Board "1"]
[White "Andreikin, Dmitry"]
[Black "Lu, Shanglei"]
[Result "1/2-1/2"]
[WhiteTitle "GM"]
[BlackTitle "GM"]
[WhiteElo "2719"]
[BlackElo "2636"]
[WhiteTeam "Chongqing Team"]
[BlackTeam "Zhejiang Chess Team"]
[WhiteFideId "4158814"]
[BlackFideId "8603332"]
[EventDate "2018.04.11"]

1. Nf3 e6 2. c4 Nf6 3. Nc3 d5 4. e3 c5 5. d4 Nc6 6. cxd5 Nxd5 7. Bd3 Be7 8. O-O
O-O 9. Be4 cxd4 10. exd4 Nf6 11. Bxc6 bxc6 12. Ne5 c5 13. Nc6 Qd7 14. Nxe7+ Qxe7
15. dxc5 Qxc5 16. Be3 Qc6 17. Qa4 Bb7 18. Qxc6 Bxc6 19. b4 a6 20. a4 Nd5 21.
Nxd5 exd5 22. Rfc1 Rfc8 23. Rc5 f6 24. f3 Kf7 25. Kf2 Rab8 26. Bd2 Ke6 27. Ke3
Kd7 28. Kd4 Re8 29. Rac1 Rbc8 30. b5 axb5 31. axb5 Bb7 32. Bb4 Rxc5 33. Bxc5 h5
34. h3 Ra8 35. Bb4 Rc8 36. Bc5 Ra8 37. Rb1 Re8 38. g4 hxg4 39. hxg4 Re2 40. Bf8
g5 41. Rh1 Rd2+ 42. Kc3 Rf2 43. Rh7+ Kc8 44. Kd4 Rd2+ 45. Kc3 Rf2 46. Kd4 Rd2+
47. Ke3 Rb2 48. Be7 Rxb5 49. Kd4 Rb3 50. Bxf6 Rxf3 51. Bxg5 Rg3 52. Rh4 Ba6 53.
Bf4 Rd3+ 54. Ke5 d4 55. g5 Rd1 56. g6 Bc4 57. g7 Kb7 58. Rh8 d3 59. Kd4 Rg1 60.
Rb8+ Kc6 61. Rc8+ Kd7 62. Rxc4 d2 63. Bxd2 Rxg7 64. Kd5 Rf7 65. Bf4 Rf5+ 66. Be5
Rf7 67. Ra4 Re7 68. Ra6 Rf7 69. Bf6 Ke8 70. Ke5 Kd7 71. Kf5 Rf8 72. Ke5 Rf7 73.
Kd5 Ke8 74. Ke6 Re7+ 75. Kf5 Rb7 76. Rd6 Kf7 77. Rd8 Rb5+ 78. Be5 Rb7 79. Rh8
Rd7 80. Rh6 Ke7 81. Bf6+ Kd6 82. Be5+ Kd5 83. Rh1 Rf7+ 84. Bf6 Rd7 85. Rc1 Rd6
86. Be7 Rd7 87. Re1 Rb7 88. Rd1+ Kc4 89. Bf6 Kc5 90. Ke4 Kc6 91. Rc1+ Kd7 92.
Bd4 Rc7 93. Bc5 Ke6 94. Re1 Rxc5 95. Kd4+ Kd6 96. Re6+ Kxe6 97. Kxc5 Ke5 1/2-1/2

[Event "TCh-CHN 2018"]
[Site "China CHN"]
[Date "2018.10.27"]
[Round "16.4"]
[Board "2"]
[White "Zeng, Chongsheng"]
[Black "Lan, Zilun"]
[Result "1-0"]
[WhiteTitle "GM"]
[WhiteElo "2535"]
[BlackElo "2333"]
[WhiteTeam "Chongqing Team"]
[BlackTeam "Zhejiang Chess Team"]
[WhiteFideId "8603847"]
[BlackFideId "8604193"]
[EventDate "2018.04.11"]

1. e4 c6 2. d4 d5 3. e5 Bf5 4. Nd2 e6 5. Nb3 Nd7 6. Nf3 Ne7 7. Be2 h6 8. O-O Bh7
9. a4 Nf5 10. a5 a6 11. c4 Be7 12. Bd2 O-O 13. Bc3 Nh4 14. Nxh4 Bxh4 15. cxd5
cxd5 16. Nc5 Be7 17. Nxb7 Qc7 18. Nd6 Bxd6 19. exd6 Qxd6 20. Qd2 Rab8 21. b4
Rfc8 22. Rfc1 Bg6 23. b5 axb5 24. Bb4 Qa6 25. Rxc8+ Rxc8 26. Rc1 Nb8 27. Rxc8+
Qxc8 28. Qc3 Qd7 29. Qc5 Na6 30. Qd6 Qc8 31. Bc5 e5 32. Bxb5 Nc7 33. Bd7 Qd8 34.
Bb6 Qg5 35. Qxc7 Qd2 36. h3 exd4 37. a6 d3 38. a7 Qe1+ 39. Kh2 d2 40. a8=Q+ Kh7
41. Qcb8 1-0

[Event "TCh-CHN 2018"]
[Site "China CHN"]
[Date "2018.10.27"]
[Round "16.4"]
[Board "3"]
[White "Zhou, Weiqi"]
[Black "Xu, Minghui"]
[Result "1/2-1/2"]
[WhiteTitle "GM"]
[WhiteElo "2597"]
[BlackElo "2313"]
[WhiteTeam "Chongqing Team"]
[BlackTeam "Zhejiang Chess Team"]
[WhiteFideId "8601674"]
[BlackFideId "8606790"]
[EventDate "2018.04.11"]

1. e4 e5 2. Nf3 Nc6 3. Bb5 a6 4. Ba4 Nf6 5. O-O Be7 6. d3 b5 7. Bb3 d6 8. a3 O-O
9. Nc3 Nb8 10. Bd2 c6 11. a4 b4 12. Ne2 a5 13. Ng3 Nbd7 14. c3 Ba6 15. cxb4 Bxd3
16. Re1 axb4 17. Bxb4 c5 18. Bc3 c4 19. Bc2 Nc5 20. b4 Bxc2 21. Qxc2 Nd3 22. Re2
Qb8 23. Nf5 Ra7 24. b5 Rc8 25. Nxe7+ Rxe7 26. Rb1 Qa8 27. Nd2 d5 28. exd5 Nxd5
29. g3 Re6 30. Nf1 Rg6 31. b6 Rb8 32. Bxe5 N5f4 33. Bxf4 Nxf4 34. b7 Nxe2+ 35.
Qxe2 Qa6 36. Qe5 Qd6 37. Qa5 Re6 38. Ne3 Re7 39. Nf5 Re5 40. Nxd6 Rxa5 41. Rb6
Rc5 42. Ra6 Rc7 43. Nxc4 Rcxb7 44. Rc6 Rb1+ 45. Kg2 Rc1 46. a5 g6 47. a6 Ra8 48.
h4 Ra1 49. Ne3 R1xa6 50. Rc4 Ra4 51. Rc7 Kg7 52. Nd5 R8a7 53. Rc6 Rd4 54. Nf4
Rd2 55. Rc5 Raa2 56. Nh3 h6 57. Rb5 Rab2 58. Ra5 Ra2 59. Rb5 Rd6 60. Rc5 Rf6 61.
Rb5 Rf5 62. Rb4 g5 63. Rg4 f6 64. Rb4 Re5 65. g4 Rae2 66. Kf3 Re7 67. Kg3 R2e4
68. Rb3 h5 69. f3 gxh4+ 70. Kxh4 Re3 71. Rb4 Rxf3 72. gxh5 Re1 73. Kg4 Ref1 74.
Nf4 Re3 75. Rb7+ Kh6 76. Rb6 Kg7 77. Rb7+ Kh6 78. Rb6 Kg7 1/2-1/2